000 00354 a2200157 4500
001 76132
020 _a9788516119881
040 _cAnchieta - Colégio São Paulo
100 _aImenes, Luiz Márcio
240 1 0 _aPresente Matemática
_lpor
245 1 0 _aPresente Matemática
300 _a192
362 0 _a2019
650 4 _aMatemática
942 _cBK
999 _c76132
_d76132